=LDR 00000nam 2200000 4500 =001 INLIS000000000037039 =005 20130612142805 =008 ***********************************Ind** =035 ##$$0010-061300000037039 =041 ##$$a Ind =082 ##$$a 813 =090 ##$$a 813, Sek a =100 ##$$a Sekar, Dewie =245 ##$$a Alifa @ heart, Dewie Sekar =260 ##$$a 2011 $b Jakarta =300 ##$$a 446 hlm, 21 cm =650 ##$$a Fiksi Indonesia-terjemahan =850 ##$$a NBPNMAT =990 ##$$a 0001/BPAP-NTB/20142015